000 00209nam a22000857a 4500
008 160624b xxu||||| |||| 00| 0 eng d
100 _9984
_aJurgensen, B
245 _aParents UGH!
260 _aMichigan
_bZondervan
_c1968
999 _c783
_d783